|
|
|
|
| LEADER |
00000nam a2200000 a 4500 |
| 001 |
vtls001421210 |
| 003 |
SK-MaSNL |
| 005 |
20260302072418.0 |
| 008 |
240315s1955 xx 0 und |
| 035 |
|
|
|a SNK000376060
|
| 040 |
|
|
|a SNK
|b slo
|c SNK
|e AACR2
|
| 100 |
1 |
|
|a Beyer, Ferdinand
|4 aut
|9 391743
|
| 245 |
1 |
|
|a Klavírní škola
|
| 260 |
|
|
|a Praha
|b SNKLHaU
|c 1955
|
| 300 |
|
|
|a 89 s.
|
| 999 |
|
|
|c 1156355
|d 1158285
|
| 952 |
|
|
|t P60, <04>, [BOOK], {604}
|a SNK
|b SNK
|y VYP
|7 0
|p 17A0317199
|o snkHB 2631
|0 0
|1 0
|4 0
|d 2001-09-25
|l 0
|r 2005-01-02 00:00:00
|w 2026-02-24
|
| 952 |
|
|
|t P60, <04>, [BOOK], {604}
|a SNK
|b SNK
|y VYP
|7 0
|p 17A0317198
|o snkHB 2631 D1
|0 0
|1 0
|4 0
|d 2001-09-25
|l 0
|r 2005-01-02 00:00:00
|w 2026-02-24
|